| 000 | 00895cam a22003137 4500 | ||
|---|---|---|---|
| 001 | 4271128 | ||
| 003 | DO-SdBNP | ||
| 005 | 20180226131159.0 | ||
| 007 | 4271128 | ||
| 008 | 080529s1957 ag a | |||| 000 0 spa | ||
| 035 | _a | ||
| 040 |
_aBPMSU _bspa _cBPMSU _e |
||
| 041 | 1 |
_aspa _h |
|
| 080 | _a | ||
| 080 | _a | ||
| 100 | 1 | _aLowenfeld, Viktor | |
| 240 | 1 | 0 |
_aYour child and his art _lespañol |
| 245 | 1 | 3 |
_aEl niño y su arte / _cViktor Lowenfeld ; traducción de Alfredo M. Ghioldi |
| 250 | _a | ||
| 260 |
_aBuenos Aires : _bKapelusz, _c1973 |
||
| 300 |
_a 202 p. : _bil.; _c20 cm |
||
| 490 |
_aBiblioteca de cultura pedagógica _v53 |
||
| 650 | 7 |
_aArte infantil _2 |
|
| 700 |
_a _3Ghioldi, Alfredo M. _etr. |
||
| 830 |
_aBiblioteca de cultura pedagógica _v53 |
||
| 942 |
_2ddc _cBK |
||
| 945 | _aInventariado, 2018 / BT | ||
| 956 |
_a VMATEO _210 _320160520 _6BPMSU _80069 |
||
| 999 |
_c10181 _d10181 |
||